Country Shapes Quiz But Pixelated - Statistics

General Stats
  • This quiz has been taken 24 times
  • The average score is 12 of 12
Answer Stats
Picture Answer % Correct
Australia
100%
Brazil
100%
France
100%
India
100%
Italy
100%
Japan
100%
Mexico
100%
Norway
100%
China
96%
Spain
96%
South Africa
91%
Philippines
74%
No matching quizzes found
Score Distribution
Percent of People with Each Score
Percentile by Number Answered
Your Score History
You have not taken this quiz